Photos that inspire photo workshop /

Bibliographic Details
Main Author: Eodice, Lynne
Format: Book
Published: Hoboken, N.J: Wiley, c2007.
Subjects:
LEADER 00636cam a2200217 7i4500
001 0000025789
005 20151104090000.0
005 ##20151104131600.0
003 ##MY-KlINT
008 15110428s2007 njua eng d
020 # # |a 9780470119556  
039 # 9 |y 201511041316  |z VLOAD 
090 0 0 |a E 775   |b EOD 
100 1 # |a Eodice, Lynne 
245 1 0 |a Photos that inspire photo workshop /   |c Lynne Eodice. 
260 # # |a Hoboken, N.J:   |b Wiley,   |c c2007. 
300 # # |a xii, 258 p:   |b ill.(chiefly col.);   |c 24cm. 
650 # 0 |a Digital photography  
650 # 0 |a Artistic photography  
650 # 0 |a Photography --   |x Digital techniques  
650 # 0 |a Photography, Artistic